000 00265nam a2200109Ia 4500
008 200302s9999 xx 000 0 und d
100 _aPercy W. Blandford
245 _aPlay houses, Gazebos, and Sheds
260 _bTab Books Ltd.
260 _c1992
300 _a138 P.,
999 _c1431
_d1431